Statistics for Bochum Best Scorer By Year

Click here to take the quiz!

General Stats

  • This quiz has been taken 61 times
    (26 since last reset)
  • The average score is 4 of 23

Answer Stats

Player% Correct
Theofanis Gekas
81%
Philipp Hofmann
50%
Stefan Kuntz
50%
Sebastian Polter
44%
Thomas Christiansen
44%
Stanislav Šesták
31%
Vahid Hashemian
25%
Hans Walitza
13%
Klaus Fischer
13%
Uwe Leifeld
13%
Uwe Wegmann
13%
Vratislav Lokvenc
13%
Hans-Joachim Abel
6%
Peter Peschel
6%
Stefan Kohn
6%
Christian Schreier
0%
Frank Schulz
0%
Georgi Donkov
0%
Jupp Kaczor
0%
Kurt Pinkall
0%
Marijo Marić
0%
Werner Balte
0%
Wolfgang Patzke
0%

Score Distribution

Percentile by Number Answered

Percent of People with Each Score

Your Score History

You have not taken this quiz since the last reset